000 01095nam0a22002651 4500
001 rc\857374
005 20250622021340.0
035 _a(NLR Aleph) 006037372
090 _a7591558
_c7591558
100 _a20041129d1983 |||y0rusy50 ca
101 0 _arus
102 _aRU
105 _ay |||||||||
200 1 _aНаучные методы проектирования строительства подземных сооружений и шахт с использованием ЭВМ
_eУчеб. пособие для слушателей фак. повышения квалификации преподавателей вузов
210 _aМ.
_cМГИ
_d1983
215 _a40 с.
_d21
300 _aВ надзаг.: Моск. горн. ин-т
320 _aБиблиогр.: с. 39 (7 назв.)
700 1 _aПопов
_bВ. Л.
_cд-р техн. наук, горное дело
_gВалерий Львович
_9243205
_3RU\NLR\AUTH\770243261
801 0 _aRU
_bNLR
_gpsbo
801 1 _aRU
_bELAR
_2rusmarc
852 _aNLR
_j84-4/12809
942 _cBOOK
980 _aNB